00628nam a2200181Ia 4500003000900000008004100009040001600050080001500066245006700081260005200148300001000200650004100210650002100251700003600272942000700308999001500315952011600330IN-BaIIA211028s9999 xx 000 0 eng d cIIA Library a655.5bSHA 0aDirectory of book trade in Indiacedited by Jai Kishore Sharma aNew DelhibNational Guide Books Syndicatec1973 a647p. aAstronomy and Astrophysics Thesaurus aBook Trade97753 aSharma, Jai Kishore., ed.97754 cBK c4441d4441 00104070aBANbBANcGENd1974-07-02g50.00l0o655.5/ SHAp4959r2021-11-05v50.00w1974-07-02yBKGRs. 50.00